|
|
|
|
| LEADER |
01092nam a22002297a 4500 |
| 008 |
130702b xxu||||| |||| 00| 0 eng d |
| 999 |
|
|
|c 552
|d 552
|
| 020 |
|
|
|a 9788176901147
|
| 082 |
|
|
|a 894.1301
|b MUH
|
| 100 |
|
|
|a മുഹമ്മദ്, ടി. കെ.
|
| 240 |
|
|
|a Eeethappazham
|
| 245 |
|
|
|a ഈത്തപ്പഴം /
|c ടി. കെ, മുഹമ്മദ്.
|
| 250 |
|
|
|a 3rd ed.
|
| 260 |
|
|
|a തൃശൂര് :
|b കേരള സാഹിത്യ അക്കാദമി,
|c 2009.
|
| 300 |
|
|
|a 46p.
|
| 650 |
|
|
|a Stories
|
| 650 |
|
|
|a കഥകള്
|
| 700 |
|
|
|a Muhammed, T. K.
|
| 942 |
|
|
|2 ddc
|c BK
|
| 952 |
|
|
|0 0
|1 0
|2 ddc
|4 0
|6 894_130100000000000_MUH
|7 0
|9 543
|a MAIN
|b MAIN
|d 2013-07-02
|g 40.00
|o 894.1301 MUH
|p 753
|r 2013-07-02
|t 1
|w 2013-07-02
|y BK
|
| 952 |
|
|
|0 0
|1 0
|2 ddc
|4 0
|6 894_130100000000000_MUH
|7 0
|9 9219
|a MAIN
|b MAIN
|d 2014-05-05
|e Kerala Sahitya Akademi
|g 40.00
|o 894.1301 MUH
|p 9311
|r 2014-05-05
|t 2
|w 2014-05-05
|y BK
|
| 952 |
|
|
|0 0
|1 0
|2 ddc
|4 0
|6 894_130100000000000_MUH
|7 0
|9 9220
|a MAIN
|b MAIN
|d 2014-05-05
|e Kerala Sahitya Akademi
|g 40.00
|o 894.1301 MUH
|p 9312
|r 2014-05-05
|t 3
|w 2014-05-05
|y BK
|